000 00591nam a2200253Ia 4500
005 20260306154359.0
008 008 260114s9999 xx 000 0 eng d
020 _a9781316104668
037 _aEBOOK
040 _aCRL
040 _beng
040 _cCRL
041 _2eng
041 _aeng
084 _qCRL
100 _aFiske/Rai/Pinker
_91127431
245 0 _aVirtuous Violence
260 _bCambridge University Press
260 _c2014
650 _a Psychology
856 _uhttps://doi.org/10.1017/CBO9781316104668
942 _cEBOOK
999 _c1707296
_d1707296